000 00691nam a2200217Ii 4500
003 JO-AjNU
008 230605s9999||||xx |||||||||||||| ||und||
017 _a2003/12/2429
040 _aJO-AjNU
_bara
_erda
_cJO-AjNU
041 _aara
050 1 4 _aPN6511.Q376 2004
100 3 _aالقرنة، محمد أحمد,
_eauthor
_916566
245 0 0 _aتراث وشخصيات عبر التاريخ
250 _aط1
264 3 1 _aعمان: الأخوة للنشر والتوزيع، 2004
300 _a190ص
336 _atext
_btxt
_2rdacontent
337 _aunmediated
_bn
_2rdamedia
338 _avolume
_bnc
_2rdacarrier
650 4 _aتاريخ الأردن - تراث وشخصيات
_916567
999 _aA4940
_c8508
_d8508